LEADER 05160nam 22009135 450 001 9910838225603321 005 20231110233110.0 010 $a1-64469-491-3 010 $a1-64469-490-5 024 7 $a10.1515/9781644694909 035 $a(CKB)4100000011798739 035 $a(DE-B1597)567633 035 $a(OCoLC)1248759138 035 $a(DE-B1597)9781644694909 035 $a(MiAaPQ)EBC6518462 035 $a(Au-PeEL)EBL6518462 035 $a(OCoLC)1243537733 035 $a(EXLCZ)994100000011798739 100 $a20210621h20212021 fg 101 0 $aeng 135 $aur||||||||||| 181 $ctxt$2rdacontent 182 $cc$2rdamedia 183 $acr$2rdacarrier 200 04$aThe Jewish Metropolis $eNew York City from the 17th to the 21st Century /$fed. by Daniel Soyer 210 1$aBoston, MA : $cAcademic Studies Press, $d[2021] 210 4$dİ2021 215 $a1 online resource (326 p.) 225 0 $aThe Lands and Ages of the Jewish People 311 $a1-64469-488-3 327 $tFrontmatter -- $tContents -- $tIntroduction: New York as a Jewish City -- $tImportant Note -- $t1 Colonial Jews in New Amsterdam, New York, and the Atlantic World -- $t2 New York Jews and the Early Republic -- $t3 The Other Jews: Jewish Immigrants from Central Europe in New York, 1820?1880 -- $t4 From the Pale of Settlement to the Lower East Side: Early Hardships of Russian Immigrant Jews -- $t5 Yiddish New York -- $t6 ?Impostors?: Levantine Jews and the Limits of Jewish New York -- $t7 Jewish Builders in New York City, 1880?1980 -- $t8 New York Jews and American Literature -- $t9 ?I Never Think About Being Jewish?Until I Leave New York?: Jewish Art in New York City, 1900 to the Present -- $t10 Jewish Geography in New York Neighborhoods, 1945?2000 -- $t11 New York and American Judaism -- $t12 Jews and Politics in New York City -- $t13 How Are New York City Jews Different from Other American Jews? -- $tContributors -- $tIndex 330 $aThe Jewish Metropolis: New York from the 17th to the 21st Century covers the entire sweep of the history of the largest Jewish community of all time. It provides an introduction to many facets of that history, including the ways in which waves of immigration shaped New York?s Jewish community; Jewish cultural production in English, Yiddish, Ladino, and German; New York?s contribution to the development of American Judaism; Jewish interaction with other ethnic and religious groups; and Jewish participation in the politics and culture of the city as a whole. Each chapter is written by an expert in the field, and includes a bibliography for further reading. The Jewish Metropolis captures the diversity of the Jewish experience in New York. 410 4$aThe Lands and Ages of the Jewish People 606 $aJews$zNew York (State)$zNew York$xHistory 606 $aJews$zNew York (State)$zNew York$xSocial life and customs 606 $aNew York (State)$zNew York$xEthnic relations 606 $aRELIGION / Judaism / History$2bisacsh 607 $aNew York (N.Y.)$xSocial life and customs 610 $aAmerican history. 610 $aEthnicity. 610 $aImmigration. 610 $aIntergroup relations. 610 $aJewish Americans. 610 $aJewish History. 610 $aJewish community. 610 $aJewish culture. 610 $aJews. 610 $aJudaism. 610 $aNew York History. 610 $aNew York. 610 $aReligion. 610 $aUrban History. 610 $aYiddish. 615 0$aJews$xHistory. 615 0$aJews$xSocial life and customs. 615 0$aNew York (State)$xEthnic relations. 615 7$aRELIGION / Judaism / History. 676 $a974.7/004924 702 $aAlroey$b Gur, $4ctb$4https://id.loc.gov/vocabulary/relators/ctb 702 $aBrinkmann$b Tobias, $4ctb$4https://id.loc.gov/vocabulary/relators/ctb 702 $aBrinn$b Ayelet, $4ctb$4https://id.loc.gov/vocabulary/relators/ctb 702 $aCohen$b Steven M., $4ctb$4https://id.loc.gov/vocabulary/relators/ctb 702 $aDash Moore$b Deborah, $4ctb$4https://id.loc.gov/vocabulary/relators/ctb 702 $aDixon$b John M., $4ctb$4https://id.loc.gov/vocabulary/relators/ctb 702 $aGordan$b Rachel, $4ctb$4https://id.loc.gov/vocabulary/relators/ctb 702 $aGurock$b Jeffrey S., $4ctb$4https://id.loc.gov/vocabulary/relators/ctb 702 $aLinden$b Diana L., $4ctb$4https://id.loc.gov/vocabulary/relators/ctb 702 $aMikics$b David, $4ctb$4https://id.loc.gov/vocabulary/relators/ctb 702 $aNaar$b Devin E., $4ctb$4https://id.loc.gov/vocabulary/relators/ctb 702 $aPortnoy$b Eddy, $4ctb$4https://id.loc.gov/vocabulary/relators/ctb 702 $aRock$b Howard B., $4ctb$4https://id.loc.gov/vocabulary/relators/ctb 702 $aSoyer$b Daniel, $4ctb$4https://id.loc.gov/vocabulary/relators/ctb 702 $aSoyer$b Daniel, $4edt$4http://id.loc.gov/vocabulary/relators/edt 801 0$bDE-B1597 801 1$bDE-B1597 906 $aBOOK 912 $a9910838225603321 996 $aThe Jewish Metropolis$94144074 997 $aUNINA